Paroles _ Mon amie la rose de FRANCOISE HARDY - Statistiques

Statistiques générales
  • Ce quiz a été pris 85 fois
  • Le résultat moyen est 154 sur 196
Statistiques - réponses
Hint Réponse % Correct
A
100%
amie
100%
de
100%
la
100%
l'a
100%
La
100%
m'a
100%
mon
100%
rose
100%
ce
98%
dit
98%
est
98%
Est
98%
matin
98%
Me
98%
me
98%
je
96%
Je
96%
H On
96%
bien
95%
Bien
95%
chose
95%
Et
95%
et
95%
peu
95%
suis
95%
ne
93%
plus
85%
le
84%
qui
84%
Qui
84%
que
82%
rosée
78%
née
76%
belle
75%
nu
75%
Des
73%
des
73%
Ou
73%
fait
69%
dans
67%
l'aurore
67%
morte
67%
Pour
67%
tombe
67%
ton
67%
coeur
65%
Heureuse
65%
rêve,
65%
amoureuse
64%
fleurs
64%
jardin
64%
Oui
64%
sens
64%
Baptisée
62%
du
62%
J'ai
62%
j'ai
62%
j'étais
62%
réveillée
62%
nuit
60%
presque
60%
tête
60%
Aux
58%
C'est
58%
cette
58%
en
58%
épanouie
58%
hier
58%
Moi
56%
très
56%
vieille
56%
faite
55%
pied
55%
si
55%
Tu
55%
Dieu
53%
Vois
53%
soleil
51%
Son
51%
rien
47%
courber
45%
demain
45%
Pourtant
45%
toujours
45%
vu
45%
Déjà,
44%
nue
44%
rayons
44%
au-delà
42%
poussière
42%
souriait
42%
celui
40%
fermée
40%
lune
40%
serai
40%
Crois
38%
Éblouissante
38%
peut
38%
veillé
38%
âme
36%
croire
36%
m'admirais
36%
besoin
35%
dansait
35%
d'espoir
35%
nues
35%
Sinon
33%
Aucun quiz correspondant
Distribution des résultats
% des personnes avec chaque résultat
Percentile par nombre de réponses
Votre historique - résultats
Vous n’avez pas pris ce quiz